Skip to main content
Your cart is empty.
Your lists
Log in to create your own lists
Your cookies
العربية
English
العربية
Home
Search
Advanced search
Authority search
About
The noble scholar, jurist, historian
His Excellency Dr. Abdul Wahhab bin Ibrahim Abu Sulaiman, may Allah have mercy on him.
He was born in Umm Al-Qura in the year 1356 AH.
Library catalog
Title
Author
Subject
ISBN
ISSN
Series
Call number
Log in to your account
×
Login:
Password:
Home
MARC view: القياس وتطبيقاته المعاصرة /
Normal view
MARC view
ISBD view
القياس وتطبيقاته المعاصرة / (Record no. 2423)
[
view plain
]
MARC details
000 -LEADER
fixed length control field
01194cam a2200277 i 4500
003 - CONTROL NUMBER IDENTIFIER
control field
SA-RiAUC
005 - DATE AND TIME OF LATEST TRANSACTION
control field
20250321141453.0
008 - FIXED-LENGTH DATA ELEMENTS--GENERAL INFORMATION
fixed length control field
241024s1995 su g b i000r0 ara c
040 ## - CATALOGING SOURCE
Original cataloging agency
SA-RiAUC
Language of cataloging
ara
Transcribing agency
SA-RiAUC
Description conventions
rda
082 04 - DEWEY DECIMAL CLASSIFICATION NUMBER
Classification number
251.14
Assigning agency
SA-RiAUC
090 ## - LOCALLY ASSIGNED LC-TYPE CALL NUMBER (OCLC); LOCAL CALL NUMBER (RLIN)
Classification number (OCLC) (R) ; Classification number, CALL (RLIN) (NR)
251.14
Local cutter number (OCLC) ; Book number/undivided call number, CALL (RLIN)
س ل ا
100 1# - MAIN ENTRY--PERSONAL NAME
Personal name
السلامي، محمد المختار،
Dates associated with a name
1925-
Relator term
مؤلف.
245 12 - TITLE STATEMENT
Title
القياس وتطبيقاته المعاصرة /
Statement of responsibility, etc.
محمد المختار السلامي.
250 ## - EDITION STATEMENT
Edition statement
الطبعة الأولى.
264 #1 - PRODUCTION, PUBLICATION, DISTRIBUTION, MANUFACTURE, AND COPYRIGHT NOTICE
Place of production, publication, distribution, manufacture
جدة، السعودية :
Name of producer, publisher, distributor, manufacturer
البنك الإسلامي للتنمية،
Date of production, publication, distribution, manufacture, or copyright notice
1995
300 ## - PHYSICAL DESCRIPTION
Extent
93 صفحة ؛
Dimensions
24 سم.
336 ## - CONTENT TYPE
Content type term
نص
Content type code
txt
Source
rdacontent
Materials specified
كتاب
337 ## - MEDIA TYPE
Media type term
بدون وسيط
Media type code
n
Source
rdamedia
338 ## - CARRIER TYPE
Carrier type term
مجلد
Carrier type code
nc
Source
rdacarrier
490 0# - SERIES STATEMENT
Series statement
سلسلة محاضرات العلماء البارزين ؛
Volume/sequential designation
15
500 ## - GENERAL NOTE
General note
اهداء من محمد المختار السلامي مفتي الجمهورية التونسية عام 1412هـ شهر صفر
504 ## - BIBLIOGRAPHY, ETC. NOTE
Bibliography, etc. note
يشتمل على ببليوجرافية.
650 #7 - SUBJECT ADDED ENTRY--TOPICAL TERM
Topical term or geographic name entry element
القياس (أصول فقه)
Source of heading or term
aucsh
942 ## - ADDED ENTRY ELEMENTS (KOHA)
Source of classification or shelving scheme
Dewey Decimal Classification
Koha item type
Books
Suppress in OPAC
No
949 ## - LOCAL PROCESSING INFORMATION (OCLC)
a
SA-JeALM
d
241024
u
mohamedma123
n
1
Holdings
Withdrawn status
Lost status
Source of classification or shelving scheme
Damaged status
Not for loan
Collection
Home library
Current library
Date acquired
Total checkouts
Full call number
Barcode
Date last seen
Price effective from
Koha item type
Dewey Decimal Classification
اهداء
DR AbdElwahab Library
DR AbdElwahab Library
11/17/2024
251.14 س ل ا
000003780
11/17/2024
11/17/2024
Books
Dewey Decimal Classification
اهداء
DR AbdElwahab Library
DR AbdElwahab Library
03/21/2025
251.14 س ل ا
000011044
03/21/2025
03/21/2025
Books
Dewey Decimal Classification
DR AbdElwahab Library
DR AbdElwahab Library
04/20/2025
251.14 س ل ا
000012029
04/20/2025
04/20/2025
Books
Place hold
Print
Add to your cart
(remove)
Save record
BIBTEX
Dublin Core
MARCXML
MARC (non-Unicode/MARC-8)
MARC (Unicode/UTF-8)
MARC (Unicode/UTF-8, Standard)
MODS (XML)
RIS
ISBD
More searches
Search for this title in:
Other Libraries (WorldCat)
Other Databases (Google Scholar)
Online Stores (Bookfinder.com)
Open Library (openlibrary.org)
Exporting to Dublin Core...
×
Simple DC-RDF
OAI-DC
SRW-DC